[Event "Mitropa Cup 15th"]
[Site "Bad Woerishofen"]
[Date "1993.??.??"]
[Round "?"]
[White "Herzog, Adolf"]
[Black "Knaak, Rainer"]
[Result "1/2-1/2"]
[WhiteElo "2345"]
[BlackElo "2515"]
[Annotator "Knaak,R"]
[PlyCount "121"]
[EventDate "1993.01.17"]
[EventType "team-tourn"]
[EventRounds "7"]
[EventCountry "GER"]
[SourceTitle "CBM 034"]
[Source "ChessBase"]
[SourceDate "1993.06.01"]
[SourceVersion "1"]
[SourceVersionDate "1993.06.01"]
[SourceQuality "1"]

1. e4 e6 2. d4 d5 3. exd5 exd5 4. Bd3 Nc6 5. c3 Bd6 6. Ne2 Qf6 7. Nd2 $6 Nge7
8. Nf3 $2 Bg4 $17 9. Bg5 Qe6 10. Qd2 Bxf3 11. gxf3 Qh3 $5 12. Ng3 h5 $1 13.
O-O-O h4 14. Nf1 Qxf3 (14... Qg2 $5 15. Bxe7 Nxe7 16. Ne3 Qxf3 17. Rhg1 $17)
15. Rg1 f6 16. Be3 Kf8 $5 17. Be2 Qe4 18. Bg4 Na5 $1 $19 19. Qe2 Nc4 20. Nd2
Nxd2 21. Qxd2 Ng6 22. Be2 Nf4 23. Bb5 g5 24. Ba4 Rg8 25. Bc2 Qf3 26. Rde1 Ng2
$5 27. Rxg2 $1 $8 Qxg2 28. Qe2 Qh3 $6 (28... Rg7 $6 29. Qh5 Kg8 30. Bf5 $1 $13)
(28... Re8 $1 29. Qh5 Re7 30. Qh6+ Ke8 $19) 29. Qb5 c6 30. Qxb7 Qc8 31. Qh7 Qc7
(31... Rg7 32. Qh6 Qd8 $13) 32. Qf5 Be7 33. f4 $1 g4 (33... Qc8 34. Qh7 Rg7 35.
Qh6 Kg8 36. fxg5 fxg5 37. Ba4 $13) 34. Qh5 Bd6 35. Qxh4 Qg7 36. Bf5 Re8 (36...
Rh8 $5 37. Qxg4 Qxg4 38. Bxg4 Rxh2 39. Bd7 Rb8 40. Bd2 c5 $15) 37. Bd2 Rxe1+
38. Qxe1 Qh6 (38... Rh8 $5) 39. Qe6 Bxf4 40. Bxf4 Qxf4+ 41. Kb1 Qh6 42. Qd7 Qh5
43. Be6 Qg6+ 44. Kc1 Rh8 45. Qxc6 Qg5+ 46. Kc2 Qf4 (46... Rxh2+ 47. Kb3 g3 48.
Qc8+ Kg7 49. Qg8+ Kh6 50. Qh8+ Kg6 51. Qg8+ Kh5 52. Qh7+ Qh6 53. Qf5+ $10) 47.
b4 $1 Rxh2+ 48. Kb3 Kg7 49. Qe8 Rh8 $6 (49... Kh6 $1 50. Qg8 $1 (50. Bxg4 Qf2
$19) 50... Qe4 $1 $15) 50. Qf7+ Kh6 51. Bxg4 $1 $10 Rd8 $6 52. Qh5+ Kg7 53. Be6
$1 Qg5 54. Qf7+ Kh6 55. Qxa7 (55. Qc7 $1) 55... Qg6 56. a4 $1 $10 Qb1+ 57. Ka3
Qc1+ 58. Kb3 Qd1+ 59. Ka3 Qa1+ 60. Kb3 Qb1+ 61. Ka3 1/2-1/2

[Event "Lippstadt"]
[Site "Lippstadt"]
[Date "1992.??.??"]
[Round "?"]
[White "Glek, Igor Vladimirovich"]
[Black "Schmidt, Wlodzimierz"]
[Result "1-0"]
[WhiteElo "2520"]
[BlackElo "2420"]
[Annotator "Knaak,R"]
[PlyCount "67"]
[EventDate "1992.07.??"]
[EventType "tourn"]
[EventRounds "10"]
[EventCountry "GER"]
[EventCategory "8"]
[SourceTitle "CBM 031"]
[Source "ChessBase"]
[SourceDate "1992.12.01"]
[SourceVersion "1"]
[SourceVersionDate "1992.12.01"]
[SourceQuality "1"]

1. e4 e6 2. d4 d5 3. Nc3 Bb4 4. exd5 exd5 5. Bd3 Ne7 6. Qh5 c5 $6 7. dxc5 $1 d4
8. a3 Qa5 9. axb4 $1 Qxa1 10. Nce2 Nbc6 $146 (10... Qa2 11. Nxd4 Qd5 12. Qxd5
Nxd5 13. c3 O-O 14. Ngf3 a5 15. b5 Nd7 16. Bc4 Re8+ 17. Kd1 N5f6 18. c6 Nb6 19.
Ba2 bxc6 20. Nxc6 $16 {Ziatdinov-Komarov/Biel op/1991}) 11. Nf3 Nxb4 12. Bb5+
Nbc6 13. O-O Qa5 14. Nexd4 Bd7 15. Bc4 $1 g6 (15... O-O $6 16. Ng5 h6 17. Nxf7
Kh7 18. Bd3+ $18) 16. Qg5 Nxd4 (16... O-O $6 17. Qf6 {/\ Bh6+-}) 17. Nxd4 Rf8
$5 18. Be3 $2 (18. c6 $1 Nxc6 $8 19. Nb5 $1 (19. Nxc6 Qxg5 20. Re1+ Be6 21.
Bxg5 bxc6 22. Bxe6 fxe6 23. Rxe6+ Kf7 $1 (23... Kd7 24. Re7+ Kd6 25. Rxh7 $16)
24. Rxc6 Rfc8 $10) 19... f6 20. Qf4 (20. Qe3+ Kd8 21. Nd6 Qb4 22. Rd1 $13)
20... Kd8 21. Bd2 Qb6 22. Be3 Qa5 23. Bc5 $36) 18... f6 $13 19. Qh4 O-O-O 20.
Nb3 Qc7 21. Bf4 Qc6 22. Qxh7 {>< Qh7} Nf5 $1 23. f3 (23. Qxg6 Qe4 $5 {FRITZ}
24. c6 Qxc6 $13) 23... g5 24. Bd2 Be6 25. Bxe6+ Qxe6 26. c6 $1 Rf7 $8 27. cxb7+
Kb8 28. Qh3 Qb6+ (28... Rfd7 $5 29. Nc5 Qb6 30. Qxf5 Rd5 $1 $13) 29. Kh1 Qb5 $1
30. Ra1 Rfd7 31. g4 Nh4 (31... Rxd2 $6 32. Nxd2 Rxd2 33. Qh8+ Kxb7 34. Qh7+ $16
) 32. Qg3+ Kxb7 33. Qe1 Qc6 $4 (33... Qd5 34. Qf2 Ka8 $13) 34. Na5+ 1-0

[Event "Voskresensk"]
[Site "Voskresensk"]
[Date "1993.??.??"]
[Round "?"]
[White "Galdunts, Sergey"]
[Black "Danielian, Oganes"]
[Result "0-1"]
[WhiteElo "2450"]
[BlackElo "2460"]
[Annotator "Knaak,R"]
[PlyCount "70"]
[EventDate "1993.??.??"]
[EventType "tourn"]
[EventRounds "11"]
[EventCountry "RUS"]
[EventCategory "9"]
[SourceTitle "CBM 038"]
[Source "ChessBase"]
[SourceDate "1994.02.01"]
[SourceVersion "1"]
[SourceVersionDate "1994.02.01"]
[SourceQuality "1"]

1. e4 e6 2. d4 d5 3. exd5 exd5 4. Nf3 Nc6 5. Bb5 Bd6 6. c4 dxc4 7. Nc3 Nge7 8.
h3 $2 O-O 9. O-O $2 (9. Bxc4 Nf5 $15) 9... Na5 $17 10. Bd2 Bf5 11. Re1 a6 12.
Ba4 Nac6 13. a3 b5 14. Bc2 Bxc2 15. Qxc2 Ng6 16. Ne4 Be7 17. Rad1 Nxd4 18. Nxd4
Qxd4 19. Be3 Qe5 20. Bd4 Qf4 21. Ng3 Bf6 22. Nh5 Qxd4 23. Rxd4 Bxd4 24. Ng3
Rfe8 25. Rd1 Rad8 26. Nf5 Bf6 27. Rxd8 Rxd8 28. Ne3 Rd3 29. Nxc4 bxc4 30. Qxc4
Rd1+ 31. Kh2 Be5+ 32. g3 Rd2 33. Kg1 Rxb2 34. f4 Bd6 35. Qxa6 Rb3 0-1

[Event "Politiken Cup 18th"]
[Site "Copenhagen"]
[Date "1996.??.??"]
[Round "8"]
[White "Glek, Igor Vladimirovich"]
[Black "Djurhuus, Rune"]
[Result "0-1"]
[WhiteElo "2635"]
[BlackElo "2505"]
[Annotator "Knaak,R"]
[PlyCount "93"]
[EventDate "1996.06.??"]
[EventType "swiss"]
[EventRounds "11"]
[EventCountry "DEN"]
[SourceTitle "CBM 054"]
[Source "ChessBase"]
[SourceDate "1996.10.01"]
[SourceVersion "1"]
[SourceVersionDate "1996.10.01"]
[SourceQuality "1"]

1. e4 e6 2. d4 d5 3. Nc3 Bb4 4. exd5 exd5 5. Bd3 {Diese Variante bereitet den
Nachziehenden einiges Kopfzerbrechen.} Nc6 {Der damit auf d4 erzeugte Druck
ist einen Zug später wirkungslos und deshalb gefällt mir 5...Nc6 prinzipiell
nicht.} 6. a3 Bxc3+ 7. bxc3 Nge7 {Jetzt spielen alle 8.Qf3 oder 8.Qh5, um Bf5
zu verhindern. Aber die weiße Traumstellung ist soundso die, die nach Bf5xd3
und c2xd3 entsteht - Bilanz über 70%.} 8. Qh5 (8. Ne2 Bf5 9. Ng3 Bxd3 10. cxd3
$14) 8... Be6 9. Rb1 (9. Nh3 Qd7 10. Ng5 O-O-O 11. Nxe6 Qxe6+ 12. Be3 g6 13.
Qf3 Nf5 14. Bxf5 $6 gxf5 15. O-O Rhg8 16. Rae1 Qe4 17. Qxe4 fxe4 18. f3 f5 19.
fxe4 fxe4 20. Rf7 Rd7 21. Ref1 Rg7 {1/2-1/2 Lutz,C-Kindermann,S/Garmisch rapid
1994 (27)}) 9... b6 10. Nf3 Qd7 11. Ng5 O-O-O 12. Nxe6 Qxe6+ 13. Be3 g6 14. Qf3
Nf5 $1 15. O-O $1 Nxe3 16. Rfe1 $1 (16. fxe3 f5 {und Weiß kann c3-c4 nicht
realisieren.}) 16... Qd6 (16... f5 17. Rxe3 $14) (16... Na5 17. Rxe3 Qd7 18. c4
$16) 17. fxe3 (17. Qxe3 $6 Qxa3 18. c4 Kb8 19. cxd5 Rxd5 {und Weiß hat nicht
genügend Kompensation für den Bauern.}) 17... f5 (17... Qxa3 $2 18. e4 $36) 18.
c4 dxc4 19. Bxc4 Kb8 {/\ Nxd4} 20. Bb5 Na5 21. c4 (21. g3 $5 {/\ Bb5-f1-g2+/=})
21... f4 $5 22. c5 Qf8 23. Rb4 fxe3 24. Qxe3 Qf7 {Der weiße Läufer würde auf
f3 optimal stehen, aber auf b5 bewacht er e8. Weiß kann wohl die Stellung
nicht verstärken, weil der Kg1 auch Schutz benötigt.} 25. Reb1 Rhf8 26. Qe1 Qf6
27. Ra4 Nb7 28. c6 $2 (28. cxb6 axb6 $13) 28... Rxd4 $1 $19 29. Qe3 (29. cxb7
Rxa4 30. Bxa4 Qd4+ 31. Kh1 Qxa4 $19) 29... Rxa4 30. Bxa4 Nd6 31. Rd1 a6 32. h3
Qf4 33. Qxf4 Rxf4 34. Bb3 b5 35. Bg8 h6 36. Re1 Rf6 37. Re7 Nc4 38. Rh7 g5 39.
Bd5 Nxa3 40. Kh2 Nc4 41. Kg3 a5 42. h4 gxh4+ 43. Kxh4 a4 44. Rh8+ Ka7 45. Rc8
Kb6 46. g4 a3 47. Ra8 0-1

[Event "Schoeneck"]
[Site "Schoeneck"]
[Date "1996.??.??"]
[Round "5"]
[White "Miezis, Normunds"]
[Black "Klovans, Janis"]
[Result "1-0"]
[WhiteElo "2530"]
[BlackElo "2530"]
[Annotator "Knaak,R"]
[PlyCount "119"]
[EventDate "1996.??.??"]
[EventType "tourn"]
[EventRounds "9"]
[EventCountry "GER"]
[SourceTitle "CBM 056"]
[Source "ChessBase"]
[SourceDate "1997.02.01"]
[SourceVersion "1"]
[SourceVersionDate "1997.02.01"]
[SourceQuality "1"]

1. c4 e6 2. e4 d5 3. exd5 exd5 4. d4 Nf6 5. Nc3 Nc6 6. Nf3 Bg4 7. Be3 Be7 {
Miezis,N (2530)-Ruzele,D (2520) Bonn GSK-3 Bad Godesburg 1996 1/2} (7... Bb4 8.
a3 Bxc3+ 9. bxc3 O-O 10. Bd3 dxc4 11. Bxc4 Nd5 12. Rc1 Nxe3 13. fxe3 Qe7 14.
Qd3 Qxa3 15. O-O Qe7 16. e4 {Miezis,N-Zagorskis,D/Bonn GSK-3 1996/1/2-1/2 (42)
;CBM 56}) 8. cxd5 (8. h3 {ist logisch.}) (8. c5 $5) (8. Qb3 $5 Na5 9. Qa4+ c6
10. cxd5 Bxf3 11. gxf3 Nxd5 $13) 8... Nxd5 {Suche nach Vergleichsmaterial im
Themenschlüssel: 'Strartegie'/ 'Bauernstrukturen'/ 'Queenspawn'/'Isolated
Pawn' d4/ .} 9. Bc4 Be6 (9... Nxe3 10. fxe3 Bh4+ 11. g3 Bg5 $13) 10. Bb5 O-O
11. O-O Ncb4 12. Bd2 c6 13. Be2 Bf5 14. a3 Nxc3 15. bxc3 Nd5 16. c4 Nf6 17. Bc3
Ne4 18. Bb2 Bf6 19. Bd3 Nd6 20. Ne5 Qc8 21. Re1 Re8 22. Bf1 (22. c5 $5 $14)
22... Ne4 23. f3 Nd6 24. Qd2 Bg6 25. a4 Nf5 26. g4 Ne7 27. Ba3 Bh4 28. Re2 f6
29. Bxe7 Rxe7 30. Nxg6 Rxe2 31. Bxe2 hxg6 $11 32. f4 (32. Bd3 $5) 32... Qe6 33.
d5 Qd6 34. Kg2 Re8 35. Bf3 g5 36. f5 c5 37. Rb1 b6 38. a5 Kh7 39. axb6 axb6 40.
Ra1 Qe5 41. Rb1 Be1 42. Qd3 Qd6 43. Be4 Bh4 44. Bf3 Be1 45. Rb2 Bh4 46. Rd2 Be1
47. Rd1 Re5 48. Be2 $6 {Schwarz kommt nun zur Idealaufstellung mit dem Läufer
auf e5.} Bc3 $1 49. Kh1 Bd4 $15 50. Qg3 b5 $6 51. cxb5 Qxd5+ 52. Bf3 Qc4 $6 (
52... Qb3 53. Qh3+ Kg8 54. Qf1 $13) 53. Qh3+ $6 (53. b6 $16) 53... Kg8 54. b6
$2 (54. Rb1 Re3 $11) 54... Qb5 $4 (54... Qb4 $1 55. Qf1 (55. b7 $2 Re1+ 56. Kg2
Qb2+ $19) 55... Qxb6 $17) 55. b7 $18 c4 56. Rc1 c3 57. Qg2 Kf8 58. Qa2 Bc5 59.
Kg2 Re8 60. Rb1 1-0

[Event "Rostov on Don"]
[Site "Rostov on Don"]
[Date "1993.??.??"]
[Round "?"]
[White "Smyslov, Vassily V"]
[Black "Vaganian, Rafael A"]
[Result "0-1"]
[WhiteElo "2530"]
[BlackElo "2615"]
[Annotator "Knaak,R"]
[PlyCount "94"]
[EventDate "1993.05.??"]
[EventType "tourn"]
[EventRounds "11"]
[EventCountry "RUS"]
[EventCategory "14"]
[SourceTitle "CBM 036"]
[Source "ChessBase"]
[SourceDate "1993.10.01"]
[SourceVersion "1"]
[SourceVersionDate "1993.10.01"]
[SourceQuality "1"]

1. d4 e6 2. e4 d5 3. Nc3 Bb4 4. exd5 exd5 5. Nf3 (5. Bd3 {/\ Nge2}) 5... Ne7 6.
Bd3 Bg4 $1 {=/=/+} 7. h3 Bh5 8. a3 Bd6 9. Nb5 Nbc6 10. Be3 a6 11. Nxd6+ Qxd6
12. Qd2 $6 Bxf3 13. gxf3 $17 Qf6 14. O-O-O h6 (14... Qxf3 15. Bf4 $13) 15. Rhg1
O-O-O 16. c3 Na5 17. Qe2 Nf5 18. b4 Nc6 19. Bxf5+ Qxf5 20. Rxg7 Na7 {/\
Nb5-d6-c4} 21. c4 dxc4 22. Qxc4 Rd5 23. Rdg1 Nb5 $1 24. Rg8+ Rxg8 25. Rxg8+ Kd7
26. Kb2 (26. Bxh6 Rxd4 27. Qe2 Nxa3 28. Qe8+ Kd6 29. Qf8+ Kc6 30. Qc5+ Qxc5+
31. bxc5 Rh4 $19) 26... Nd6 27. Qe2 b5 28. f4 Nc4+ 29. Kc1 Qxh3 30. Qg4+ Qxg4
31. Rxg4 Nxa3 $19 32. Rg8 Nc4 33. Ra8 h5 $1 34. Rxa6 Rd6 35. Ra8 Rh6 36. f5
Nxe3 37. fxe3 h4 38. Ra2 Ke7 39. Kd1 Kf6 40. Ke1 (40. Ra6+ Kg5 41. Rxh6 Kxh6
42. Ke2 Kg5 $19) (40. e4 Kg5 $19 {>< Pe4}) 40... h3 41. Rh2 Kxf5 42. Kf1 Ke4
43. Kg1 Kxe3 44. d5 Kd3 45. Rf2 Kc4 46. Rxf7 Kxb4 47. Rxc7 Rd6 0-1

[Event "Haifa"]
[Site "Haifa"]
[Date "1996.??.??"]
[Round "7"]
[White "Glek, Igor Vladimirovich"]
[Black "Huzman, Alexander"]
[Result "1/2-1/2"]
[WhiteElo "2635"]
[BlackElo "2570"]
[Annotator "Knaak,R"]
[PlyCount "27"]
[EventDate "1996.06.??"]
[EventType "tourn"]
[EventRounds "7"]
[EventCountry "ISR"]
[EventCategory "14"]
[SourceTitle "CBM 054"]
[Source "ChessBase"]
[SourceDate "1996.10.01"]
[SourceVersion "1"]
[SourceVersionDate "1996.10.01"]
[SourceQuality "1"]

1. e4 e6 2. d4 d5 3. Nc3 Bb4 4. exd5 exd5 5. Bd3 c6 $5 6. Nge2 Ne7 7. Ng3 (7.
O-O {Schwarz gleicht dann total aus:} Bf5 8. Ng3 Bxd3 9. Qxd3 O-O 10. Nce2 Na6
11. c3 Bd6 12. Bf4 Nc7 13. Rae1 Ne6 {1/2-1/2 Oll,L-Short,N/Parnu-A 1996}) 7...
Ng6 8. f4 (8. O-O O-O 9. Qh5 Nd7 10. Bg5 Be7 11. Bxe7 Qxe7 12. Nf5 Qd8 13. g3
Nf6 14. Qf3 Ne7 15. Nxe7+ Qxe7 16. Rfe1 Qb4 17. Qe3 Bd7 $10 {Sokolov,
A-Brustman,A/Geneve op 1996/1-0 (68)}) 8... Qe7+ 9. Kf2 Qh4 10. Re1+ Ne7 11.
Kg1 O-O {Die Dame auf h4 steht sehr stark; man weiß eigentlich nicht was f2-f4
gebracht hat.} 12. Be3 Nd7 13. Bf2 $1 {Start für eine hübsche Remiskombination.
} Qxf4 14. Rxe7 $1 (14. Rxe7 Bxe7 15. Nf5 Bf6 16. Bg3 Qg5 17. Bh4 Qf4 18. Bg3
$10) 1/2-1/2

[Event "Tilburg"]
[Site "Tilburg"]
[Date "1991.??.??"]
[Round "2"]
[White "Kasparov, Garry"]
[Black "Kortschnoj, Viktor Lvovich"]
[Result "1-0"]
[WhiteElo "2770"]
[BlackElo "2610"]
[Annotator "Knaak,R"]
[PlyCount "89"]
[EventDate "1991.10.??"]
[EventType "tourn"]
[EventRounds "14"]
[EventCountry "NED"]
[EventCategory "17"]
[SourceTitle "CBM 026"]
[Source "ChessBase"]
[SourceDate "1992.02.01"]
[SourceVersion "1"]
[SourceVersionDate "1992.02.01"]
[SourceQuality "1"]

1. e4 e6 2. d4 d5 3. exd5 exd5 4. Nf3 Nf6 5. Bd3 c5 $5 6. O-O $1 c4 7. Re1+ Be7
8. Bf1 O-O 9. Bg5 Bg4 10. h3 Bxf3 11. Qxf3 Nc6 12. c3 Qd7 13. Nd2 Rae8 14. b3
b5 15. bxc4 bxc4 16. Rab1 Bd8 17. h4 Rxe1 18. Rxe1 Re8 19. Rb1 h6 20. Bxf6 Bxf6
21. g3 Ne7 22. Qd1 g5 $6 23. hxg5 hxg5 24. Bg2 g4 25. Nf1 Bg5 26. Rb2 Kg7 27.
Qb1 Rc8 28. Re2 Rc6 29. Re5 f6 30. Re2 Rb6 31. Qd1 Nf5 32. Re1 Nh6 33. Qe2 Kf7
$2 (33... Ng8 $2 34. Nh2 f5 35. Qe5+ Nf6 36. Nxg4 $18) (33... Kg6 $5) 34. f4 $1
gxf3 35. Qxf3 Rd6 36. Re5 Kg7 37. Rxd5 Rxd5 38. Qxd5 Qa4 39. Qb7+ Kg6 40. Bc6
Qa5 41. Be8+ Kf5 42. Qh7+ Kg4 43. Qe4+ Kh3 44. Bd7+ f5 45. Qg2+ (45. Qg2+ Kg4
46. Qe2+ Kh3 47. Qh5+ Bh4 48. Qxh4#) 1-0

[Event "Leon-B"]
[Site "Leon"]
[Date "1996.??.??"]
[Round "6"]
[White "Strikovic, Aleksa"]
[Black "Romero Holmes, Alfonso"]
[Result "1-0"]
[WhiteElo "2520"]
[BlackElo "2425"]
[Annotator "Knaak,R"]
[PlyCount "55"]
[EventDate "1996.06.??"]
[EventType "tourn"]
[EventRounds "9"]
[EventCountry "ESP"]
[EventCategory "9"]
[SourceTitle "CBM 054"]
[Source "ChessBase"]
[SourceDate "1996.10.01"]
[SourceVersion "1"]
[SourceVersionDate "1996.10.01"]
[SourceQuality "1"]

1. e4 e6 2. d4 d5 3. Nc3 Bb4 4. exd5 exd5 5. Bd3 Nc6 6. a3 Ba5 {Der Läuferzug
ist einerseits mehr als 6...Bxc3+ geeignet, 5...Nc6 zu rechfertigen, denn der
Druck auf d4 bleibt bestehen. Andererseits steht der Läufer am Damenflügel
nicht sehr gut und Weiß wird mit der Schwäche d4 leicht fertig. Die Bilanz ist
denn auch nicht berauschend für Schwarz.} 7. Be3 Nge7 8. Qh5 Be6 9. b4 Bb6 10.
Nf3 Qd6 $5 (10... Qd7 11. b5 $1 Ba5 (11... Na5 12. Ne5 $16) 12. Bd2 Nb8 (12...
Nd8 13. Ne5 $16) 13. Ng5 $1 {>< Nb8} h6 14. O-O g6 15. Qh4 Bf5 16. Rfe1 Kf8 17.
Nf3 Bxd3 18. cxd3 (18. Bxh6+ $6 Kg8 19. Rxe7 Rxh6 20. Rxd7 Rxh4 21. Rd8+ Kg7
22. Nd1 $13) 18... g5 (18... Bxc3 19. Qf6 $1 $16) 19. Qh5 $16 {>< f5, e5} Ng6
20. Ne5 Qd6 21. Ne4 $1 dxe4 22. Bxa5 Kg7 23. dxe4 c6 (23... Qxd4 24. Nxg6 fxg6
25. Qf3 $18) 24. Nc4 Qf6 (24... Qxd4 25. Rac1 Nf4 26. Qg4 $16 {/^ a1-h8}) 25.
Ne3 Nf4 26. Qf3 cxb5 27. Ng4 Qg6 28. d5 Nd7 29. Bc3+ $18 {1-0 Hickl,J-Uhlmann,
W/Baden Baden-B 1992 (43)}) 11. Na4 $1 {Weiß spielt den Zug, der nach 10...Qd7
gescheitert wäre (wegen 11...Nxd4!).} g6 12. Qh6 Bf5 13. Nxb6 {Der damit
eingeschlagene Weg schwächt auch die weiße Bauernstellung erheblich.} (13. Qg7
Rg8 14. Qxh7 Bxd3 15. cxd3 O-O-O $13) 13... axb6 14. Bf4 Qe6+ 15. Kd2 Bxd3 16.
cxd3 Nf5 17. Qh3 O-O-O {Die lange Rochade bringt den schwarzen König nicht in
Sicherheit, aber die kurze war gar nicht möglich.} (17... O-O $2 18. Ng5 $18)
18. Rhe1 (18. Rae1 $5 Qd7 19. Bg5 Rde8 20. Bf6) 18... Qd7 19. Rac1 (19. Bg5 $2
Nfxd4 $17) 19... Nd6 {Der Damentausch ist die beste Chance für den
Nachziehenden.} 20. Qxd7+ Kxd7 (20... Rxd7) 21. Be5 Rhf8 $2 (21... Rhe8 22. Ng5
f6 (22... h5) 23. Bxf6 Rxe1 24. Kxe1 Ra8 25. Nxh7 Rxa3 {könnte die Stellung
noch im Gleichgewicht sein.}) 22. Ng5 $18 f6 (22... h6 23. Nh7 $18) 23. Bxd6
fxg5 24. Bxf8 Rxf8 25. Kc3 Rxf2 26. Rf1 Rxg2 27. Rf7+ Kc8 28. Re1 1-0

[Event "Groningen PCA"]
[Site "Groningen"]
[Date "1993.??.??"]
[Round "4"]
[White "Kaidanov, Gregory S"]
[Black "Nikolic, Predrag"]
[Result "1/2-1/2"]
[WhiteElo "2640"]
[BlackElo "2625"]
[Annotator "Knaak,R"]
[PlyCount "112"]
[EventDate "1993.12.??"]
[EventType "swiss"]
[EventRounds "11"]
[EventCountry "NED"]
[SourceTitle "CBM 039"]
[Source "ChessBase"]
[SourceDate "1994.04.01"]
[SourceVersion "1"]
[SourceVersionDate "1994.04.01"]
[SourceQuality "1"]

1. e4 {Belov} e6 2. d4 d5 3. exd5 exd5 4. Nf3 Bd6 5. c4 c6 6. Nc3 Ne7 (6... Nf6
{Belov} 7. c5 Bc7 8. Bd3 b6 9. cxb6 axb6 10. O-O Ba6 (10... Bg4 $5) 11. Bxa6
Rxa6 12. Qd3 O-O 13. Bg5 $14 {Gurevich,M-Nikolic,Pr/Beograd/1991/1:0 (58) Inf
53/246/}) 7. Bd3 (7. cxd5 {Belov} cxd5 (7... Nxd5 8. Bd3 Qe7+ 9. Be2 O-O 10.
O-O Be6 11. Re1 Qc7 12. Bd3 h6 $10 {Kengis,E-Rohde,M/Tilburg/1992/0,5 (40)/})
8. Bd3 O-O 9. O-O Nbc6 10. h3 a6 11. a3 Bc7 12. Qc2 g6 $10 {Rublevsky,
S-Vakhidov,T/Cheliabinsk/1993/1:0 (25)/}) 7... O-O 8. O-O dxc4 (8... h6 {Belov}
9. h3 Be6 10. c5 Bc7 11. Qc2 Qc8 12. Re1 Re8 13. Bd2 Nd7 14. Re2 Nf8 $10 {
Kengis,E-Rohde,M/Tilburg/1992/1:0 (31)/}) 9. Bxc4 Nd7 10. Bg5 (10. h3 {Belov}
Nb6 11. Bb3 Bc7 $6 12. Bg5 Kh8 13. Bxe7 $1 Qxe7 14. Re1 Qd8 15. Ne5 Nd5 16.
Nxd5 cxd5 17. Qh5 $16 {Malishauskas,V-Djurhuus,R/Oslo/1992/1:0 (40)/}) 10...
Nb6 (10... h6 11. Bh4 Qc7 12. Qd3 Nb6 13. Bxe7 $1 Bxe7 14. Bb3 Rd8 15. Rfe1 $14
) 11. Bb3 h6 (11... Kh8 $5 {Belov} 12. Qd2 (12. Bxe7 $5) 12... f6 13. Bh4 Bb4
14. a3 Ba5 $13 {Frederick,R-Watson,J/New York/1981/}) 12. Bh4 Qc7 13. Bxe7 $1
Qxe7 14. Re1 Qd8 (14... Qc7 {Belov} 15. Ne5 (15. Rc1 Bg4 16. h3 Bxf3 17. Qxf3
Rfe8 $14) (15. Qd3 $5 Bg4 16. Ne5 Bxe5 17. Rxe5 Rfe8 18. Rae1 Qd7 19. Bc2 g6
20. Qe3 $16) 15... Bxe5 16. Rxe5 $14) 15. Qd3 a5 (15... Bg4 16. Ne5 Bxe5 17.
Rxe5 Nd7 (17... Qd7 {Belov} 18. Bc2 g6 19. Qe3 Kg7 20. Re7 $16) 18. Re3 Re8 19.
Rae1 $14) 16. Ne5 Bxe5 17. Rxe5 Nd7 18. Re3 (18. Bc2 {Belov} Nf6 19. Rae1 Be6
$10) 18... Nf6 19. Rae1 $16 b5 {!? Belov} 20. h3 Ra7 21. a4 b4 22. Ne4 Ba6 $6 (
22... Bf5 $1 23. Nxf6+ Qxf6 24. Qc4 Rd7 25. Re8 (25. Re5 Rfd8 (25... Qg6 $2 26.
Qc5 $1 {/\ 27.Qxf8+!}) 26. Rxa5 Qg6 $1 27. Rae5 Bxh3 28. Re8+ Kh7 29. Bc2 Bf5
30. Bxf5 Qxf5 31. Rxd8 Rxd8 $10) 25... Rxd4 26. Rxf8+ Kxf8 27. Qc5+ Kg8 28. Re5
Rf4 29. Qxa5 $14) (22... Nxe4 {Belov} 23. Qxe4 Rd7 24. Qxc6 Rxd4 (24... Bb7 25.
Qb5) 25. Re8 $18) 23. Qc2 Nxe4 (23... Qxd4 24. Rd1 Qe5 25. Nd6 Qh5 26. Qxc6 $16
) 24. Rxe4 Rd7 25. Qc5 (25. Qxc6 $2 {Belov} Bb7) 25... Bd3 26. Re7 (26. R4e3 $1
Bg6 (26... Rxd4 27. Bxf7+ $1 Kxf7 (27... Kh7 28. Re8 Rxe8 29. Rxe8 Qd7 (29...
Qd6 30. Bg8+ Kg6 31. Re6+ $18) 30. Rh8+ Kxh8 31. Qf8+ Kh7 32. Qg8#) 28. Rf3+
Kg8 29. Rxf8+ Qxf8 30. Qxd4 $18) 27. Qxc6 Rd6 28. Qb5 Kh7 (28... Rxd4 $2 29.
Re8 Qd7 30. Qb8 $1 Qd6 31. Rxf8+ Qxf8 32. Re8 $18) 29. d5 {+/-/+-}) 26... Rxe7
(26... Rxd4 $6 {Belov} 27. Bxf7+ Kh8 28. Qe5 $16) 27. Rxe7 $16 Bg6 {/\ 28...
Re8+/=} 28. Re5 (28. Qe5 $5 {/\ 29.h4} Kh7 {/\ 29...f6, 30...Re8}) (28. Ra7 $2
{Belov} Re8 29. Rxa5 $2 Re1+ 30. Kh2 Qc7+ 31. g3 Be4 32. f3 Re2+ $19) 28... Kh7
29. h4 (29. d5 $5 {Belov}) 29... h5 30. Bd1 $6 {? Belov} (30. g3 Kg8 (30... Re8
{Belov} 31. Rxh5+ $1 Bxh5 32. Qxh5+ Kg8 33. Qxf7+ Kh8 34. Qh5#) 31. Bc4 Re8 32.
Qxc6 Rxe5 33. dxe5 Qd1+ 34. Kg2 Qd4 35. Qxg6 Qxc4 36. Qxh5 Qc2) (30. d5 $5 {
Belov} cxd5 31. Rxd5 $16) 30... Re8 $10 31. Bxh5 Rxe5 32. Bxg6+ fxg6 33. dxe5
Qxh4 34. Qxc6 (34. e6 {Belov} Qe4 35. e7 Kg8) 34... Qd4 35. e6 Qxb2 36. g3 (36.
Qe4 Qc1+ 37. Kh2 Qh6+ 38. Kg3 Qg5+ 39. Kf3 Qe7 $10) (36. e7 $2 {Belov} Qa1+ 37.
Kh2 Qe5+ 38. g3 Qxe7 $17) 36... Qe5 37. Qc4 g5 (37... Kh6 {Belov} 38. Qf4+ $18)
38. Qd3+ Kh6 39. Qd7 b3 40. e7 b2 41. Qc6+ Kh7 42. e8=Q b1=Q+ 43. Kg2 Qxe8 44.
Qxe8 Qf5 45. Qh5+ Kg8 46. Qe8+ Kh7 47. Qh5+ Kg8 48. Qf3 Qe5 (48... Qxf3+ {Belov
} 49. Kxf3 Kf7 50. Kg4 Kg6 $10) 49. Qb7 Kh7 50. Qb1+ g6 51. Qb7+ Kh6 52. Qd7
Qe4+ 53. Kh2 Qf5 54. Qd4 Kh7 55. g4 Qf8 56. Kg2 Qb4 1/2-1/2